ՀՀ Գիտությունների ազգային ակադեմիայի հիմնարար գիտական գրադարան  =   Fundamental Scientific Library of NAS RA

Հայկական գորգերի զարդաձևերի ծագումնաբանությունն ու իմաստաբանությունը / (Record no. 528909)

MARC details
000 -LEADER
fixed length control field 01668nam a2200289 a 4500
001 - CONTROL NUMBER
control field 1758182
003 - CONTROL NUMBER IDENTIFIER
control field AM-YEHGA
005 - DATE AND TIME OF LATEST TRANSACTION
control field 20250618080127.0
008 - FIXED-LENGTH DATA ELEMENTS--GENERAL INFORMATION
fixed length control field 210226s2020 ai a||||||||||||||0|arm|d
020 ## - INTERNATIONAL STANDARD BOOK NUMBER
International Standard Book Number 9789939922737
040 ## - CATALOGING SOURCE
Original cataloging agency AM-YeHGA
041 0# - LANGUAGE CODE
Language code of text/sound track or separate title arm
Language code of summary or abstract rus
-- eng
090 ## - LOCALLY ASSIGNED LC-TYPE CALL NUMBER (OCLC); LOCAL CALL NUMBER (RLIN)
-- 567219
100 1# - MAIN ENTRY--PERSONAL NAME
Personal name Ավանեսյան, Լիլիա
245 10 - TITLE STATEMENT
Title Հայկական գորգերի զարդաձևերի ծագումնաբանությունն ու իմաստաբանությունը /
Statement of responsibility, etc. Լ. Ավանեսյան ; [Խմբագիր՝ Ա. Գրիգորյան ; Անգլ. թարգմանիչ՝ Ա. Ֆրունջյան, Ռուս. թարգմանիչ՝ Ա. Թումաղայան ; Սրբագրիչ՝ Ջ.Կարապետյան ; Ձևավորում՝ Ա. Հարությունյան] ; Հայաստանի պատմության թանգարան.
260 ## - PUBLICATION, DISTRIBUTION, ETC.
Place of publication, distribution, etc. Երևան :
Name of publisher, distributor, etc. Հայաստանի պատմության թանգարան,
Date of publication, distribution, etc. 2020.
300 ## - PHYSICAL DESCRIPTION
Extent 151 էջ :
Other physical details լուսանկ. ;
Dimensions 29 սմ.
504 ## - BIBLIOGRAPHY, ETC. NOTE
Bibliography, etc. note Տողատակում՝ ծանոթագրություններ : Գրականության ցանկ՝ 137-143 : Ցանկ՝ էջ 145-151:
546 ## - LANGUAGE NOTE
Language note Ամփուփումը՝ ռուսերեն և անգլերեն:
650 14 - SUBJECT ADDED ENTRY--TOPICAL TERM
Topical term or geographic name entry element Գորգագործություն
Geographic subdivision Հայաստան
700 1# - ADDED ENTRY--PERSONAL NAME
Personal name Գրիգորյան, Անելկա
Relator term խմբ.
Relationship edt
700 1# - ADDED ENTRY--PERSONAL NAME
Personal name Թումաղայան, Աննա
Relator term թարգմ.
Relationship trl
700 1# - ADDED ENTRY--PERSONAL NAME
Personal name Կարապետյան, Ջուլիետտա
Relator term սրբագրիչ
Relationship crr
700 1# - ADDED ENTRY--PERSONAL NAME
Personal name Հարությունյան, Արթուր
Relator term ձևավորում
Relationship dsn
9 (RLIN) 9449
710 2# - ADDED ENTRY--CORPORATE NAME
Corporate name or jurisdiction name as entry element Հայաստանի պատմության թանգարան
942 ## - ADDED ENTRY ELEMENTS (KOHA)
Source of classification or shelving scheme Universal Decimal Classification
Koha item type Գրքեր / Books
Koha issues (borrowed), all copies 1
Holdings
Withdrawn status Lost status Source of classification or shelving scheme Damaged status Not for loan Collection Home library Current library Date acquired Total checkouts Full call number Barcode Date last seen Date last checked out Price effective from Koha item type Public note
    Universal Decimal Classification     General Fundamental Scientific Library Fundamental Scientific Library 30/10/2023 1 AIII/9568 FL0681102 24/01/2025 24/01/2025 30/10/2023 Գրքեր / Books 30 Days Loan


ՀՀ ԳԱԱ հիմնարար գիտական գրադարան
ՀՀ,Երևան 0019
Մարշալ Բաղրամյան 24/6
հեռախոս:(374-10) 52-47-50
Հետադարձ կապ

All site content, except where otherwise noted, is licensed under a
Creative Commons License